Insurance : / (Record no. 4236)
[ view plain ]
| 000 -LEADER | |
|---|---|
| fixed length control field | 00711nam a22002417a 4500 |
| 001 - CONTROL NUMBER | |
| control field | BD-DhSAU 4236 |
| 003 - CONTROL NUMBER IDENTIFIER | |
| control field | BD-DhSAU |
| 005 - DATE AND TIME OF LATEST TRANSACTION | |
| control field | 20150301101812.0 |
| 008 - FIXED-LENGTH DATA ELEMENTS--GENERAL INFORMATION | |
| fixed length control field | 150215b1979 ii a||||r|||| 001 0 eng d |
| 020 ## - INTERNATIONAL STANDARD BOOK NUMBER | |
| International Standard Book Number | 8121910218 |
| 040 ## - CATALOGING SOURCE | |
| Original cataloging agency | BD-DhSAU |
| 082 ## - DEWEY DECIMAL CLASSIFICATION NUMBER | |
| Edition number | 22 |
| Classification number | 368.973 |
| Item number | M6876 |
| 100 ## - MAIN ENTRY--PERSONAL NAME | |
| Personal name | Mishra, M.N. |
| 245 ## - TITLE STATEMENT | |
| Title | Insurance : |
| Remainder of title | principles and practice / |
| Statement of responsibility, etc. | M.N. Mishra and S.B. Mishra. |
| 260 ## - PUBLICATION, DISTRIBUTION, ETC. (IMPRINT) | |
| Place of publication, distribution, etc. | New Delhi : |
| Name of publisher, distributor, etc. | S. Chand & Co. Ltd. , |
| Date of publication, distribution, etc. | c1979. |
| 300 ## - PHYSICAL DESCRIPTION | |
| Extent | viii, 893 p. : |
| Other physical details | ill. ; |
| Dimensions | 25 cm. |
| 500 ## - GENERAL NOTE | |
| General note | New arrival 2014 |
| 504 ## - BIBLIOGRAPHY, ETC. NOTE | |
| Bibliography, etc | Includes bibliographical references and index. |
| 590 ## - Name of Cataloguer | |
| Name of Cataloger | joy |
| 650 ## - SUBJECT ADDED ENTRY--TOPICAL TERM | |
| Topical term or geographic name as entry element | Insurance. |
| General subdivision | Principles. |
| 650 ## - SUBJECT ADDED ENTRY--TOPICAL TERM | |
| Topical term or geographic name as entry element | Insurance. |
| General subdivision | Policy. |
| 700 ## - ADDED ENTRY--PERSONAL NAME | |
| Personal name | Mishra, S.B. |
| 942 ## - ADDED ENTRY ELEMENTS (KOHA) | |
| Source of classification or shelving scheme | Dewey Decimal Classification |
| Koha item type | Book |
| Withdrawn status | Lost status | Source of classification or shelving scheme | Damaged status | Not for loan | Home library | Branch Name | Shelving location | Date acquired | Total Checkouts | Full call number | Barcode | Date last seen | Price effective from | Koha item type | Collection code |
|---|---|---|---|---|---|---|---|---|---|---|---|---|---|---|---|
| Dewey Decimal Classification | SAU Library | SAU Library | General Stacks | 25/06/2014 | 368.973 M6876 | 38226 | 15/02/2015 | 15/02/2015 | Book | ||||||
| Dewey Decimal Classification | SAU Library | SAU Library | General Stacks | 25/06/2014 | 368.973 M6876 | 38225 | 15/02/2015 | 15/02/2015 | Book | ||||||
| Dewey Decimal Classification | SAU Library | SAU Library | General Stacks | 25/06/2014 | 368.973 M6876 | 38227 | 15/02/2015 | 15/02/2015 | Book | ||||||
| Dewey Decimal Classification | Not For Loan | SAU Library | SAU Library | Reference | 25/06/2014 | 368.973 M6876 | 38224 | 15/02/2015 | 15/02/2015 | Book | Reference |
